Online
Catalog

Sea Jade. Kennedy without tears. If morning ever comes. The ziegfelds' girl. A vanishing america / (Record no. 1288)

MARC details
000 -CABECERA
campo de control de longitud fija 00979cam a2200277 a 4500
001 - NÚMERO DE CONTROL
campo de control 000001362
005 - FECHA Y HORA DE LA ÚLTIMA TRANSACCIÓN
campo de control 20200929145544.0
008 - DATOS DE LONGITUD FIJA--INFORMACIÓN GENERAL
campo de control de longitud fija 750130s1965 xx 000 0 eng
040 ## - FUENTE DE LA CATALOGACIÓN
Centro catalogador/agencia de origen DO-SdBNP
Lengua de catalogación spa
Centro/agencia transcriptor BNPHU
082 ## - NÚMERO DE LA CLASIFICACIÓN DECIMAL DEWEY
Número de clasificación 813.54
Número de documento/Ítem S438
245 00 - MENCIÓN DE TÍTULO
Título Sea Jade. Kennedy without tears. If morning ever comes. The ziegfelds' girl. A vanishing america /
Mención de responsabilidad, etc. Phyllis A. Whitney, Tom Wicker, Anne Tyler, Patricia Ziegfeld, Thomas C. Wheeler.
246 11 - FORMA VARIANTE DE TÍTULO
Título propio/Titulo breve Sea jade
246 11 - FORMA VARIANTE DE TÍTULO
Título propio/Titulo breve Kennedy without tears
246 11 - FORMA VARIANTE DE TÍTULO
Título propio/Titulo breve If morning ever comes
246 11 - FORMA VARIANTE DE TÍTULO
Título propio/Titulo breve The ziegfelds' girl
246 11 - FORMA VARIANTE DE TÍTULO
Título propio/Titulo breve A vanishing america
260 ## - PUBLICACIÓN, DISTRIBUCIÓN, ETC.
Lugar de publicación, distribución, etc. New York :
Nombre del editor, distribuidor, etc. Nelson Doubleday,
Fecha de publicación, distribución, etc. 1965.
300 ## - DESCRIPCIÓN FÍSICA
Extensión 445 p. ;
Dimensiones 21 cm.
650 #4 - PUNTO DE ACCESO ADICIONAL DE MATERIA--TÉRMINO DE MATERIA
Término de materia o nombre geográfico como elemento de entrada Novela estadounidense
9 (RLIN) 262
650 #4 - PUNTO DE ACCESO ADICIONAL DE MATERIA--TÉRMINO DE MATERIA
Término de materia o nombre geográfico como elemento de entrada Literatura estadounidense
9 (RLIN) 263
700 1# - PUNTO DE ACCESO ADICIONAL--NOMBRE DE PERSONA
Nombre de persona Whitney, Phyllis A.,
Fechas asociadas al nombre 1903-2008.
9 (RLIN) 4563
700 1# - PUNTO DE ACCESO ADICIONAL--NOMBRE DE PERSONA
Nombre de persona Wicker, Tom,
9 (RLIN) 4564
700 1# - PUNTO DE ACCESO ADICIONAL--NOMBRE DE PERSONA
Nombre de persona Tyler, Anne,
9 (RLIN) 4565
700 1# - PUNTO DE ACCESO ADICIONAL--NOMBRE DE PERSONA
Nombre de persona Ziegfeld, Patricia,
9 (RLIN) 4566
700 1# - PUNTO DE ACCESO ADICIONAL--NOMBRE DE PERSONA
Nombre de persona Wheeler, Thomas C.,
9 (RLIN) 4567
Holdings
Estado de retiro Estado de pérdida Restricciones de uso No para préstamo Código de colección Localización permanente Ubicación/localización actual Ubicación en estantería Fecha de adquisición Número de inventario Total de préstamos Signatura topográfica completa Código de barras Fecha visto por última vez Número de copia Precio válido a partir de Tipo de ítem Koha
    Préstamo restringido Préstamo restrigido Monografías: Libros y Folletos General General Depósito 22.09.2009 LF1   813.54 S438 1362-10 25.06.2020 e. 1 25.06.2020 Préstamo interno

Powered by Koha